| 000 | 00456nam a2200157 i 4500 | ||
|---|---|---|---|
| 001 | 88347 | ||
| 003 | ES-MaACL | ||
| 005 | 20230906175837.0 | ||
| 007 | t| | ||
| 008 | 050104s1969 sp ||||1| spa d | ||
| 100 | 1 |
_aLaguillo de la Fuente, Angel. _969616 |
|
| 245 | 1 | 0 |
_aAntologĂa del mar _b: poemas / _cAngel Laguillo de la Fuente. |
| 260 |
_aTorrelavega : _bAut. Santander, _c1969. |
||
| 300 |
_a60 p. ; _c22 cm. |
||
| 852 |
_aES-MaACL _jC-38129 _bR.70766 |
||
| 999 |
_c88347 _d88347 |
||